Full Names of Malaysian States - Statistics

General Stats
  • This quiz has been taken 31 times
  • The average score is 7 of 16
Answer Stats
State Name % Correct
Sabah
71%
Sarawak
67%
Kuala Lumpur
57%
Perlis
57%
Putrajaya
52%
Labuan
48%
Penang
48%
Selangor Darul Ehsan
43%
Johor Darul Ta'zim
38%
Kelantan Darul Naim
38%
Malacca
38%
Terengganu Darul Iman
38%
Kedah Darul Aman
33%
Negeri Sembilan Darul Khusus
33%
Pahang Darul Makmur
29%
Perak Darul Ridzuan
24%
No matching quizzes found
Score Distribution
Percent of People with Each Score
Percentile by Number Answered
Your Score History
You have not taken this quiz